000 00662nam a22002177a 4500
003 UA-OsUOA
001 109036
007 ta
008 20141125b un ||||| |||| 00| 0 ukr d
100 _aОмельчук С.
090 _a81
_bО-57
942 _cSA
040 _aUA-OsUOA
_bukr
_cUA-OsUOA
_dUA-OsUOA
245 _aУкраїнська лінгводидактична термінологія з погляду нормативності
300 _aС.14-20
955 _a0
041 _aukr
080 _a81
773 0 _w109035
650 7 _a8 Мовознавство. Художня література. Літературознавство
_2UDC
999 _c395333
_d395333